000 00515nam a2200181Ia 4500
005 20250508155029.0
008 008 250505s9999 xx 000 0 hin d
037 _aTextual
040 _aFEDL
_beng
_cFEDL
041 _ahin
_2eng
084 _a665.4, IND
_qFEDL
245 0 _aBharat mein khanij tel
245 0 _cIndia. Suchna aur Prasaran Mantralaya
260 _aDelhi, India
_bSuchna aur Prasaran Mantralaya
_c1966
300 _a15p
942 _cTEXL
_h665.4, IND
999 _c1353534
_d1353534